| 000 | 01135cam a22003617a 4500 | ||
|---|---|---|---|
| 003 | CHAP | ||
| 005 | 20220817043450.0 | ||
| 008 | 980824d1996 it a r 11 spa d | ||
| 010 | _a75980 | ||
| 011 | _a76952 | ||
| 020 | _a9253036648 | ||
| 035 | _a86547 | ||
| 040 | _cCHAP | ||
| 082 | 0 | 4 |
_a634.9 _bF3Y v.126 |
| 110 | 2 | _aFAO | |
| 245 | 1 | 0 |
_aCambio climático, bosques y ordenación forestal : _buna visión de conjunto _c/por William M. Ciesla |
| 260 |
_aRoma: _bFAO, _c1996 |
||
| 300 |
_a146 p. : _bilus. |
||
| 490 | 0 |
_aFAO. Montes _v; 126 |
|
| 590 |
_aBATCH-UPD _b10 _c20130110 _lUCH01 _h0849 |
||
| 590 |
_aBATCH-UPD _b10 _c20130410 _lUCH01 _h0521 |
||
| 590 |
_aBATCH-UPD _b10 _c20130914 _lUCH01 _h0702 |
||
| 590 |
_aCONVERSION _b10 _c20130109 _lUCH01 _h1342 |
||
| 650 | 1 | 4 |
_aBosques y clima. _914427 |
| 650 | 1 | 4 |
_aBosques _xAdministración. _914003 |
| 650 | 1 | 4 |
_aCambios climáticos. _917792 |
| 700 | 0 |
_aCiesla, William M. _923263 |
|
| 830 | 0 |
_aFAO. Montes _v; 126 _939632 |
|
| 901 | _aBK | ||
| 905 | _aLilia Sánchez G. | ||
| 942 | _cLIBRO | ||
| 949 |
_a634.9 F3Y v.126 _bBC _cFAO _d33724000698494 _eFAO1 _h93834 _i86547 _kDonaciØn _sb |
||
| 999 |
_c75980 _d75980 |
||